000 00531nam a22001695i 4500
001 53247
003 ES-MaACL
005 20230906162731.0
007 t|
008 950912s1899 fr ||||1| fre d
040 _aCAM
_bspa
_cCAM
100 1 _aDupuis, Charles.
_946125
245 1 3 _aLe droit de la guerre maritime d'après les doctrines anglaises contemporaines /
_cpar Charles Dupuis.
260 _aParis :
_bA. Pedone,
_c1899 (
_eA La Rochelle :
_fNoel Texier)
300 _aXX, 476 p. ;
_c22 cm.
852 _aES-MaACL
_jF-6590
999 _c53247
_d53247